Pays entre pays - Statistiques

Statistiques générales
  • Ce quiz a été pris 40 fois
  • Le résultat moyen est 40 sur 98
Statistiques - réponses
Hint Réponse % Correct
Afghanistan/Albanie Afrique du Sud
71%
Finlande/Gabon France
65%
Albanie/Allemagne Algérie
62%
Allemagne/Angola Andorre
56%
Chili/Chypre Chine
56%
Arabie saoudite/Arménie Argentine
53%
Autriche/Bahamas Azerbaïdjan
53%
Corée du Nord/Costa Rica Corée du Sud
53%
Espagne/Eswatini Estonie
53%
Ethiopie/Finlande Fidji
50%
Israël/Jamaïque Italie
50%
Jamaïque/Jordanie Japon
50%
Angola/Arabie saoudite Antigua-et-Barbuda
47%
Biélorussie/Bosnie-Herzégovine Bolivie
47%
Burundi/Cameroun Cambodge
47%
Danemark/République dominicaine Djibouti
47%
Eswatini/Ethiopie Etats-Unis
47%
Guatemala/Guinée-Bissau Guinée
47%
Honduras/Inde Hongrie
47%
Irlande/Israel Islande
47%
Liechstentein/Luxembourg Lituanie
47%
Maurice/Mexique Mauritanie
47%
Comores /République démocratique du Congo République du Congo
47%
Yémen/Zimbabwe Zambie
47%
Arménie/Autriche Australie
44%
Bahamas/Bangladesh Bahreïn
44%
Bangladesh /Belgique Barbade
44%
Bénin/Biélorussie Bhoutan
44%
Brésil/Bulgarie Bruneï
44%
Cameroun/Cap-Vert Canada
44%
Equateur/Espagne Erythrée
44%
Iraq/Irlande Iran
44%
Jordanie/Kenya Kazakhstan
44%
Luxembourg/Madagascar Macédoine du Nord
44%
Mongolie/Mozambique Monténégro
44%
Philippines/Portugal Pologne
44%
Belgique/Bénin Bélize
41%
Chypre/Comores Colombie
41%
Costa Rica/Croatie Côte d'Ivoire
41%
Croatie/Danemark Cuba
41%
Egypte/Equateur Emirats arabes unis
41%
Gabon/Géorgie Gambie
41%
Géorgie/Grèce Ghana
41%
Guinée-bissau/Guyana Guinée-Equatoriale
41%
Inde/Iraq Indonésie
41%
Libéria/Liechtenstein Libye
41%
Malawi/Mali Maldives
41%
Mexique/Moldavie Micronésie
41%
Niger/Niue Nigéria
41%
Ouganda/Pakistan Ouzbékistan
41%
Bosnie-Herzégovine/Brésil Botswana
38%
Bulgarie/Burundi Burkina
38%
République dominicaine/Egypte Dominique
38%
Grèce/Guatemala Grenade
38%
Guyana/Honduras Haïti
38%
Maroc/Maurice Iles Marshall
38%
Kiribati/Laos Koweït
38%
Madagascar/Malawi Malaisie
38%
Mali/Maroc Malte
38%
Nouvelle-Zélande/Ouganda Oman
38%
Portugal/Roumanie Qatar
38%
Roumanie/Russie Royaume-Uni
38%
Russie/Saint-Christophe-et-Niévès Rwanda
38%
Slovénie/Soudan Somalie
38%
Sri Lanka/Suisse Suède
38%
Syrie/Tanzanie Tadjikistan
38%
Timor-Oriental/Tonga Togo
38%
Tunisie/Turquie Turkménistan
38%
Ukraine/Vanuatu Uruguay
38%
Vénézuela/Yémen Viêt Nam
38%
Laos/Lettonie Lésotho
35%
Lettonie/Libéria Liban
35%
Népal/Niger Nicaragua
35%
Pakistan/Palestine Palaos
35%
Papouasie-Nouvelle-Guinée/Pays-Bas Paraguay
35%
Pays-Bas/Philippines Pérou
35%
Cap-Vert/Chili République Centrafricaine
35%
Saint-Christophe-et-Niévés/saint-Marin Sainte-Lucie
35%
Saint-Marin/Iles Salomon Saint-Vincent-et-les-Grenadines
35%
Sénégal/Seychelles Serbie
35%
Singapour/Slovénie Slovaquie
35%
Tonga/Tunisie Trinité-et-Tobago
35%
Vanuatu/Vénézuela Vatican
35%
Moldavie/Mongolie Monaco
32%
Namibie/Népal Nauru
32%
Niue/Nouvelle-Zélande Norvège
32%
Palestine/Papouasie-Nouvelle-Guinée Panama
32%
Soudan/Sri Lanka Soudan du Sud
32%
Suisse/Syrie Suriname
32%
Tanzanie/Tchéquie Tchad
32%
Tchéquie/Timor-Oriental Thaïlande
32%
Samoa/Sénégal Sao Tomé-et-Principe
29%
Seychelles/Singapour Sierra Leone
29%
Turquie/Ukraine Tuvalu
29%
Mozambique/Namibie Myanmar
15%
Iles Salomon/Samoa El Salvador
12%
Kenya/Kiribati Kirghizstan
9%
République démocratique du Congo/Corée du Nord Iles Cook
6%
Aucun quiz correspondant
Distribution des résultats
% des personnes avec chaque résultat
Percentile par nombre de réponses
Votre historique - résultats
Vous n’avez pas pris ce quiz